[Event "Ì15Â"]
[Site "Loo"]
[Date "2017.04.22"]
[Round "3.15"]
[White "Àêî÷¸íîê, Äàíèèë."]
[Black "Èñìàãèëîâ, Äàìèð."]
[Result "1-0"]
[WhiteElo "1917"]
[BlackElo "2039"]
[PlyCount "91"]
[EventDate "2017.04.20"]

1. d4 d5 2. c4 dxc4 3. e4 e5 4. Nf3 exd4 5. Bxc4 Nc6 6. O-O Be6 7. Bb5 Bc5 8.
b4 Bb6 9. a4 a6 10. Bxc6+ bxc6 11. a5 Ba7 12. Bb2 Bg4 13. Qc2 Bxf3 14. Qxc6+
Kf8 15. gxf3 Ne7 16. Qxa6 Ng6 17. Bc1 c5 18. bxc5 Bb8 19. Qc6 Be5 20. Qd5 Qc8
21. Ra3 Rb8 22. Nd2 Rb5 23. Rb3 Rxb3 24. Nxb3 Nh4 25. Kh1 f6 26. c6 Qh3 27.
Ba3+ Ke8 28. Qd7+ Qxd7 29. cxd7+ Kxd7 30. f4 Bxf4 31. Nxd4 Be5 32. Rd1 Bxd4 33.
Rxd4+ Ke6 34. f4 Rb8 35. Rd6+ Kf7 36. Rd7+ Ke8 37. Rxg7 Rb3 38. Bc5 h5 39. a6
Rb1+ 40. Rg1 Rb2 41. a7 Nf3 42. a8=Q+ Kd7 43. Qd5+ Kc8 44. Rg8+ Kc7 45. Qd6+
Kb7 46. Rb8# 1-0

[Event "Ì15Â"]
[Site "Loo"]
[Date "2017.04.22"]
[Round "3.16"]
[White "Äóäèí, Ãëåá."]
[Black "Ïåðîâ, Ãåðìàí."]
[Result "0-1"]
[WhiteElo "2031"]
[BlackElo "1944"]
[PlyCount "56"]
[EventDate "2017.04.20"]

1. d4 Nf6 2. Nf3 d5 3. c4 e6 4. g3 Be7 5. Bg2 O-O 6. O-O dxc4 7. Ne5 Nc6 8.
Nxc6 bxc6 9. Na3 Bxa3 10. bxa3 Ba6 11. Bxc6 Rb8 12. Qa4 Rb6 13. Bg2 Nd5 14. Qc2
Qd7 15. e4 Ne7 16. Be3 Rfb8 17. Rfb1 h6 18. Bf1 Nc6 19. Rxb6 cxb6 20. Rd1 b5
21. Qc3 Qd6 22. d5 Rd8 23. dxc6 Qxd1 24. Qa5 Bc8 25. Qxb5 c3 26. c7 Rf8 27. Qc4
e5 28. Qxc3 Ba6 0-1

[Event "Ì15Â"]
[Site "Loo"]
[Date "2017.04.22"]
[Round "3.17"]
[White "Ìèðçîÿí, Ëàâðåíòèé."]
[Black "Ãàéäûì, Àðñåíèé."]
[Result "1-0"]
[WhiteElo "1904"]
[BlackElo "2017"]
[PlyCount "85"]
[EventDate "2017.04.20"]

1. e4 e5 2. Nf3 Nc6 3. Bb5 a6 4. Ba4 Nf6 5. O-O b5 6. Bb3 Bc5 7. Nxe5 Nxe5 8.
d4 Nxe4 9. dxc5 Bb7 10. Bd5 Nxc5 11. Bxb7 Nxb7 12. Re1 d6 13. f4 O-O 14. fxe5
dxe5 15. Qxd8 Raxd8 16. Nc3 f6 17. Be3 Kf7 18. Rad1 Ke6 19. Ne4 Rd5 20. Rxd5
Kxd5 21. Bf2 c5 22. b3 Rc8 23. Nc3+ Ke6 24. Rd1 c4 25. b4 f5 26. a4 Nd6 27. a5
Rc6 28. Kf1 Rc8 29. Ke2 Rc6 30. Bc5 Nb7 31. Bf8 Rc7 32. Rd5 Rf7 33. Bc5 Rc7 34.
Bb6 Rc8 35. Rd2 Nd6 36. Ke1 Rc6 37. Nd5 Ne8 38. Bc5 Rc8 39. Nb6 Rb8 40. Rd7 e4
41. Re7+ Kf6 42. Nd7+ Kg6 43. Nxb8 1-0

[Event "Ì15Â"]
[Site "Loo"]
[Date "2017.04.22"]
[Round "3.18"]
[White "Ñò¸ïî÷êèí, Ô¸äîð."]
[Black "Âàñèëüåâ, Ãåîðãèé."]
[Result "0-1"]
[WhiteElo "1793"]
[BlackElo "2011"]
[PlyCount "72"]
[EventDate "2017.04.20"]

1. e4 c5 2. Nf3 Nc6 3. d4 cxd4 4. Nxd4 Nf6 5. Nc3 e5 6. Ndb5 d6 7. Bg5 a6 8.
Na3 b5 9. Nd5 Be7 10. Bxf6 Bxf6 11. c3 Ne7 12. Nc2 Bg5 13. Ncb4 O-O 14. h4 Bh6
15. g4 Bf4 16. Qf3 Bb7 17. Nxf4 exf4 18. O-O-O f5 19. gxf5 Rxf5 20. Qd3 Re5 21.
f3 d5 22. Bh3 Qc7 23. exd5 Nxd5 24. Nxd5 Bxd5 25. a3 Rae8 26. Rhg1 Qf7 27. Rg5
Bb3 28. Rxe5 Rxe5 29. Rg1 Qe7 30. Rf1 Bc4 31. Qd4 Bxf1 32. Bxf1 Re1+ 33. Kc2
Rxf1 34. Qxf4 Qe2+ 35. Kb3 Qd1+ 36. Kb4 Qa4+ 0-1

[Event "Ì15Â"]
[Site "Loo"]
[Date "2017.04.22"]
[Round "3.19"]
[White "Öóõàåâ, Ìóñà."]
[Black "Çåìíèöêèé, Àëåêñàíäð."]
[Result "1-0"]
[WhiteElo "1710"]
[BlackElo "2010"]
[PlyCount "95"]
[EventDate "2017.04.20"]

1. e4 c5 2. Nf3 d6 3. d4 cxd4 4. Nxd4 Nf6 5. Nc3 a6 6. Be2 e5 7. Nb3 Be7 8. Be3
Be6 9. f3 Nbd7 10. Qd2 Rc8 11. O-O-O b5 12. Kb1 Nb6 13. Bxb6 Qxb6 14. Nd5 Nxd5
15. exd5 Bf5 16. Bd3 Bxd3 17. Qxd3 O-O 18. Rhe1 Bg5 19. g3 a5 20. Nd2 a4 21. f4
exf4 22. h4 Bh6 23. g4 g6 24. Rf1 b4 25. g5 Bg7 26. Rxf4 a3 27. Nc4 Qc5 28. b3
Qc7 29. Ne3 Qa7 30. Ng4 Rc3 31. Qe2 Rfc8 32. Re4 Rf8 33. Rxb4 Qc5 34. Re4 Rg3
35. Rc4 Qb5 36. Nf6+ Kh8 37. Ne4 Rh3 38. Nxd6 Qa6 39. Ne8 Rxh4 40. Nxg7 Rxc4
41. Qxc4 Qxc4 42. bxc4 Kxg7 43. d6 f5 44. d7 Rd8 45. c5 Kf7 46. c6 Ke7 47. c7
Rxd7 48. Re1+ 1-0

[Event "Ì15Â"]
[Site "Loo"]
[Date "2017.04.22"]
[Round "3.20"]
[White "Æóðàâëåâ, Àëåêñàíäð."]
[Black "Ùóêèí, Ìàêñèì."]
[Result "1-0"]
[WhiteElo "1745"]
[BlackElo "1990"]
[PlyCount "65"]
[EventDate "2017.04.20"]

1. d4 d5 2. Nf3 Nf6 3. c4 c6 4. Nc3 e6 5. e3 Nbd7 6. Bd3 dxc4 7. Bxc4 b5 8. Bd3
Bd6 9. O-O O-O 10. a3 a5 11. e4 e5 12. d5 cxd5 13. Nxd5 Nxd5 14. exd5 Nf6 15.
Re1 Bg4 16. h3 Bxf3 17. Qxf3 Qb6 18. Bg5 Nd7 19. Qf5 g6 20. Qxd7 Bc5 21. Re2
Rab8 22. Qc6 f6 23. Qxb6 Rxb6 24. Be3 Bxe3 25. fxe3 f5 26. Rc1 f4 27. Bb1 b4
28. axb4 Rxb4 29. d6 Kg7 30. Rc7+ Kh6 31. d7 Rd8 32. Rd2 Rbb8 33. Ba2 1-0

[Event "Ì15Â"]
[Site "Loo"]
[Date "2017.04.22"]
[Round "3.21"]
[White "Ðîëüãåéçåð, Ãåíðèõ."]
[Black "×åæèí, Ïàâåë."]
[Result "1-0"]
[WhiteElo "1989"]
[BlackElo "1688"]
[PlyCount "57"]
[EventDate "2017.04.20"]

1. e4 e5 2. Nf3 Nc6 3. Bb5 Bc5 4. c3 Nf6 5. O-O O-O 6. d4 Bb6 7. Bg5 exd4 8. e5
h6 9. Bh4 g5 10. Bxc6 gxh4 11. Ba4 dxc3 12. Nxc3 Ne8 13. Qd3 f5 14. exf6 Qxf6
15. Nd5 Qg7 16. Bb3 Kh8 17. Nxh4 Rxf2 18. Rxf2 Bxf2+ 19. Kxf2 Qxb2+ 20. Bc2 Nf6
21. Rb1 Qxa2 22. Nxf6 Qf7 23. Kg1 d6 24. Ng6+ Kg7 25. Nh5+ Kg8 26. Qc3 Qd7 27.
Bb3+ d5 28. Bxd5+ Kh7 29. Nf8# 1-0

[Event "Ì15Â"]
[Site "Loo"]
[Date "2017.04.22"]
[Round "3.22"]
[White "Áðåñêàíó, Íèêèòà."]
[Black "Òðóá÷àíèíîâ, Àðòåì."]
[Result "1/2-1/2"]
[WhiteElo "2044"]
[BlackElo "1917"]
[PlyCount "79"]
[EventDate "2017.04.20"]

1. d4 d5 2. Nf3 Nf6 3. e3 e6 4. Bd3 c5 5. b3 Nc6 6. c3 Bd6 7. Bb2 O-O 8. O-O
Qe7 9. Ne5 cxd4 10. exd4 Nd7 11. f4 f5 12. Nd2 Nf6 13. Ndf3 Ne4 14. c4 Bd7 15.
b4 Bxe5 16. Nxe5 Nxe5 17. dxe5 Bc6 18. c5 b6 19. cxb6 axb6 20. Bd4 Ba4 21. Qe1
Rfb8 22. Qe3 Qd7 23. Rfc1 Bb5 24. Bc2 Rc8 25. Bd1 Rxc1 26. Rxc1 Rd8 27. Ra1 Ra8
28. Bxb6 Qc6 29. Rc1 Bc4 30. a4 Rb8 31. a5 Qb5 32. Rb1 Rc8 33. Qa3 Bd3 34. Rc1
Rxc1 35. Qxc1 Qxb4 36. Qc8+ Kf7 37. Qd7+ Kg8 38. Qc8+ Kf7 39. Qd7+ Kg8 40. Qc8+
1/2-1/2

[Event "Ì15Â"]
[Site "Loo"]
[Date "2017.04.22"]
[Round "3.23"]
[White "Øèðèíêèí, Ïàâåë."]
[Black "Êàâûåâ, Ðóñëàí."]
[Result "0-1"]
[WhiteElo "1751"]
[BlackElo "2242"]
[PlyCount "78"]
[EventDate "2017.04.20"]

1. d4 Nf6 2. c4 g6 3. g3 c6 4. Bg2 d5 5. Nf3 Bg7 6. O-O dxc4 7. Ne5 Ng4 8. f4
O-O 9. e3 Nxe5 10. fxe5 c5 11. Nc3 Nc6 12. Bd5 Bh3 13. Rf2 e6 14. Bxc6 bxc6 15.
Qf3 cxd4 16. exd4 Qxd4 17. Bf4 Bf5 18. g4 Bd3 19. Re1 Rab8 20. Kg2 Rb7 21. Bg5
h6 22. Bf6 Bxf6 23. exf6 Rfb8 24. Ne2 Qd5 25. Nf4 Qxf3+ 26. Rxf3 Rxb2+ 27. Kg3
Rd2 28. h3 g5 29. Nxe6 fxe6 30. Rxe6 Bg6 31. Ra3 Rd3+ 32. Re3 Re8 33. f7+ Kxf7
34. Rxa7+ Kf6 35. Rxd3 cxd3 36. Kf2 Rd8 37. Ke1 d2+ 38. Kd1 Bc2+ 39. Kxc2 d1=Q+
0-1

[Event "Ì15Â"]
[Site "Loo"]
[Date "2017.04.22"]
[Round "3.24"]
[White "Ôîìèí, Ïàâåë."]
[Black "Øàéõàëèåâ, Äæîõàð."]
[Result "0-1"]
[WhiteElo "1892"]
[BlackElo "1846"]
[PlyCount "84"]
[EventDate "2017.04.20"]

1. d4 Nf6 2. Nf3 d5 3. Bf4 e6 4. e3 a6 5. h3 Bd6 6. Bd3 O-O 7. O-O c5 8. c3 Nc6
9. Nbd2 Re8 10. Ne5 Qc7 11. Nxc6 Qxc6 12. Bxd6 Qxd6 13. f4 b5 14. Qf3 Bb7 15.
g4 Qc6 16. Qg2 c4 17. Bc2 Kh8 18. Rae1 Ne4 19. Nxe4 dxe4 20. f5 e5 21. f6 gxf6
22. Rf5 exd4 23. cxd4 Bc8 24. Rf4 f5 25. Kh1 Rg8 26. Qf1 Qh6 27. gxf5 Bb7 28.
Kh2 Rg5 29. Bd1 Rag8 30. Qf2 Bd5 31. Rf1 f6 32. Be2 a5 33. Rc1 a4 34. a3 Qg7
35. Rg4 Rxg4 36. hxg4 Qe7 37. Qh4 Rf8 38. Rg1 b4 39. axb4 Qxb4 40. g5 fxg5 41.
Qxg5 Qd6+ 42. Kh3 Rg8 0-1

[Event "Ì15Â"]
[Site "Loo"]
[Date "2017.04.22"]
[Round "3.25"]
[White "Õàëèêîâ, Áóëàò."]
[Black "Ðàäî÷èí, Îëåã."]
[Result "1/2-1/2"]
[WhiteElo "1895"]
[BlackElo "1825"]
[PlyCount "84"]
[EventDate "2017.04.20"]

1. e4 c5 2. Nf3 Nc6 3. d4 cxd4 4. Nxd4 g6 5. Nc3 Bg7 6. Be3 Nf6 7. Bc4 O-O 8.
f3 Qb6 9. Qd2 Nxe4 10. Nxe4 Bxd4 11. Bh6 Qxb2 12. Rd1 Bg7 13. h4 Qb4 14. c3
Qxc4 15. h5 Bxc3 16. Nxc3 Rd8 17. hxg6 fxg6 18. Nd5 d6 19. Rc1 Qd4 20. Nxe7+
Kf7 21. Nxc6 Qxd2+ 22. Kxd2 bxc6 23. Rxc6 Rd7 24. Bf4 Ke6 25. Rb1 Kd5 26. Rbc1
Bb7 27. Rc7 Rxc7 28. Rxc7 Bc6 29. Rxh7 Rb8 30. Kc3 a5 31. Rg7 Be8 32. Ra7 Rc8+
33. Kd2 a4 34. Ra5+ Ke6 35. Ra6 Rc6 36. Rxa4 Rc2+ 37. Kxc2 Bxa4+ 38. Kc3 Bc6
39. Kb4 Bd5 40. a4 Kd7 41. a5 Kc6 42. Be3 Kb7 1/2-1/2

[Event "Ì15Â"]
[Site "Loo"]
[Date "2017.04.22"]
[Round "3.26"]
[White "Ïîëÿíñêèé, Âëàäèñëàâ."]
[Black "Êðþêîâ, Àëåêñåé."]
[Result "1-0"]
[WhiteElo "1891"]
[BlackElo "1799"]
[PlyCount "55"]
[EventDate "2017.04.20"]

1. d4 Nf6 2. Nf3 e6 3. e3 d5 4. Bd3 Bd6 5. b3 Nbd7 6. Bb2 O-O 7. Nbd2 Re8 8.
Ne5 c5 9. O-O b6 10. f4 Bb7 11. Rf3 Ne4 12. Bb5 Bxe5 13. fxe5 a6 14. Bd3 Nxd2
15. Qxd2 c4 16. Be2 a5 17. a4 Ba6 18. Rff1 Qc7 19. Ba3 Rec8 20. Rac1 Qc6 21. e4
c3 22. Qe3 Bxe2 23. Qxe2 dxe4 24. Qf2 f5 25. exf6 Nxf6 26. Be7 Nd5 27. Qf7+ Kh8
28. Bf8 1-0

[Event "Ì15Â"]
[Site "Loo"]
[Date "2017.04.22"]
[Round "3.27"]
[White "Ãàëèåâ, Èðåê."]
[Black "Ëóïïà, Êèðèëë."]
[Result "1-0"]
[WhiteElo "1866"]
[BlackElo "1780"]
[PlyCount "73"]
[EventDate "2017.04.20"]

1. d4 Nf6 2. Nf3 b6 3. c4 Bb7 4. Nc3 e6 5. a3 Ne4 6. Nxe4 Bxe4 7. e3 Be7 8. Bd3
Bb7 9. O-O O-O 10. e4 d6 11. Qc2 h6 12. b4 Nd7 13. Be3 c5 14. bxc5 dxc5 15. d5
Bf6 16. Rad1 Ne5 17. Nxe5 Bxe5 18. f4 Bc7 19. e5 exd5 20. cxd5 Qh4 21. d6 Bd8
22. Be4 Rb8 23. g3 Bxe4 24. Qxe4 Qg4 25. Qd5 Qd7 26. f5 Re8 27. Rde1 Qb7 28.
Qxb7 Rxb7 29. Bf4 b5 30. e6 fxe6 31. fxe6 Bf6 32. d7 Rd8 33. Be5 Bxe5 34. Rxe5
c4 35. Rd5 a6 36. e7 Rdb8 37. Rf8+ 1-0

[Event "Ì15Â"]
[Site "Loo"]
[Date "2017.04.22"]
[Round "3.28"]
[White "Òåð-Ñààêÿí, Ãðèãîðèé."]
[Black "Áàáóíîâ, Àëåêñàíäð."]
[Result "1-0"]
[WhiteElo "1851"]
[BlackElo "1865"]
[PlyCount "129"]
[EventDate "2017.04.20"]

1. e4 c5 2. Nf3 e6 3. d4 cxd4 4. Nxd4 Nf6 5. Nc3 d6 6. g4 h6 7. h4 Nc6 8. Bb5
Qc7 9. Rg1 Bd7 10. g5 hxg5 11. hxg5 Ng8 12. Bxc6 bxc6 13. g6 f6 14. a4 d5 15.
exd5 cxd5 16. Qe2 Qe5 17. Qxe5 fxe5 18. Nf3 Bd6 19. Ng5 Nh6 20. Rh1 Ke7 21. Nh7
Ng4 22. Bg5+ Nf6 23. O-O-O Bc6 24. f3 Rhg8 25. Rdg1 Bc5 26. Rg2 Be8 27. Nxf6
gxf6 28. Rh7+ Kd6 29. Bxf6 Rxg6 30. Nb5+ Kc6 31. Rxg6 Bxg6 32. Rg7 Bh5 33. Rc7+
Kb6 34. Re7 Ka5 35. Bxe5 Kxa4 36. Rb7 Bb6 37. Nc7 Rg8 38. b3+ Ka3 39. Nb5+ Ka2
40. Nc3+ Ka1 41. Nxd5+ Ka2 42. Nc3+ Ka1 43. Na4+ Ka2 44. Nxb6 Rg1+ 45. Kd2 Rg2+
46. Kd3 Bg6+ 47. Kc3 Rxc2+ 48. Kb4 a5+ 49. Kxa5 Rc5+ 50. Kb4 Rxe5 51. Nc4 Rd5
52. Rg7 Rd3 53. Ra7+ Kb1 54. Ne5 Rd4+ 55. Kc3 Rf4 56. Nxg6 Rxf3+ 57. Kc4 Kb2
58. b4 Rf6 59. Ne5 Rf4+ 60. Kc5 Kb3 61. b5 Rf5 62. Kd6 Kb4 63. b6 Rf8 64. b7
Rb8 65. Nc6+ 1-0

[Event "Ì15Â"]
[Site "Loo"]
[Date "2017.04.22"]
[Round "3.29"]
[White "Æàðêîâ, Íèêîëàé."]
[Black "Ãàâðèëîâ, Âèêòîð."]
[Result "1-0"]
[WhiteElo "1861"]
[BlackElo "1760"]
[PlyCount "61"]
[EventDate "2017.04.20"]

1. e4 d6 2. d4 Nf6 3. Nc3 e5 4. Nf3 Nbd7 5. Bc4 Be7 6. O-O O-O 7. Re1 c6 8. a4
h6 9. h3 Rb8 10. Be3 b6 11. Qe2 Bb7 12. Rad1 Qc8 13. Nh4 Re8 14. Nf5 Bf8 15.
dxe5 dxe5 16. Qf3 g5 17. Rd2 a6 18. Red1 Kh7 19. Bxf7 Rd8 20. Nd6 Bxd6 21. Rxd6
Kg7 22. Be6 Qc7 23. h4 Nf8 24. hxg5 hxg5 25. Bxg5 Qe7 26. Bxf6+ Qxf6 27. Qxf6+
Kxf6 28. Rxd8 Rxd8 29. Rxd8 Nxe6 30. Rb8 Nc5 31. b4 1-0

[Event "Ä11Ï"]
[Site "Loo"]
[Date "2017.04.23"]
[Round "4.1"]
[White "Øåâöîâà, Äàðüÿ."]
[Black "Íàãàåâà, Àëèÿ."]
[Result "1-0"]
[WhiteElo "1445"]
[BlackElo "1269"]
[PlyCount "107"]
[EventDate "2017.04.20"]

1. d4 Nf6 2. Bf4 g6 3. e3 Bg7 4. Nf3 O-O 5. Bd3 d6 6. O-O Nbd7 7. h3 Qe8 8. e4
e5 9. dxe5 Nxe5 10. Nxe5 dxe5 11. Be3 Be6 12. Bc5 Qc6 13. Bxf8 Rxf8 14. Nd2 Rd8
15. Qe2 Nh5 16. Qe3 Nf4 17. Rfd1 a6 18. Nb3 Bh6 19. Qc5 Qd6 20. Qxd6 cxd6 21.
Na5 Bc8 22. Bf1 Ne6 23. c3 Nc5 24. f3 Be3+ 25. Kh1 Kf8 26. Nc4 Bf4 27. Rxd6 Ke7
28. Rad1 Rxd6 29. Nxd6 Be6 30. Bc4 Bxc4 31. Nxc4 b5 32. Nb6 Bg5 33. Nd5+ Ke6
34. Nc7+ Ke7 35. b3 h5 36. Rd5 Be3 37. b4 Na4 38. Rd3 Bf4 39. Nxa6 Nb2 40. Rd5
Na4 41. Rxb5 Nxc3 42. Rb7+ Kf6 43. a3 Ne2 44. g4 hxg4 45. hxg4 Nd4 46. Kg2 Nc2
47. a4 Ne1+ 48. Kf2 Nd3+ 49. Kf1 Nb2 50. a5 Nc4 51. Nc5 Ne3+ 52. Ke2 Nc2 53. a6
Nd4+ 54. Kf2 1-0

[Event "Ä11Ï"]
[Site "Loo"]
[Date "2017.04.23"]
[Round "4.2"]
[White "Öàð¸âà, Àëåêñàíäðà."]
[Black "Æàïîâà, ßíà."]
[Result "1/2-1/2"]
[WhiteElo "1212"]
[BlackElo "1316"]
[PlyCount "110"]
[EventDate "2017.04.20"]

1. e4 c5 2. Nf3 d6 3. Bc4 Nf6 4. e5 dxe5 5. Nxe5 Qd4 6. Bxf7+ Kd8 7. Qe2 e6 8.
O-O Bd6 9. Re1 Bxe5 10. Qxe5 Qxe5 11. Rxe5 Ke7 12. Bh5 Nbd7 13. Rg5 Nxh5 14.
Rxh5 b6 15. Nc3 Bb7 16. d3 h6 17. Rh3 Rhf8 18. Bd2 Nf6 19. Re1 Rae8 20. Nb5 Kd7
21. Rhe3 a6 22. Nc3 b5 23. h3 Bc6 24. Ne2 e5 25. Ng3 g5 26. Rxe5 Rxe5 27. Rxe5
Kd6 28. Rf5 Bd5 29. Nh5 Ke6 30. Rxf6+ Rxf6 31. Nxf6 Kxf6 32. b3 b4 33. Bc1 Ke6
34. f3 a5 35. Kf2 Ke5 36. Bb2+ Kd6 37. Bg7 h5 38. Bh6 g4 39. fxg4 hxg4 40. hxg4
Be6 41. Kf3 Kd5 42. Bg7 Bd7 43. Kf4 a4 44. Bb2 Bc6 45. Kg5 Ke6 46. Kh6 Kf7 47.
Kh7 axb3 48. axb3 Bd7 49. g5 Bf5+ 50. Kh6 Kg8 51. g6 Bg4 52. c3 Bd1 53. cxb4
cxb4 54. Bd4 Bc2 55. Bc5 Bxd3 1/2-1/2

[Event "Ä11Ï"]
[Site "Loo"]
[Date "2017.04.23"]
[Round "4.3"]
[White "Ìàòâååâà, Êñåíèÿ."]
[Black "Ðèÿíîâà, Ðàëèíà."]
[Result "0-1"]
[WhiteElo "1292"]
[BlackElo "1165"]
[PlyCount "78"]
[EventDate "2017.04.20"]

1. Nf3 d5 2. c4 c6 3. b3 Nf6 4. Bb2 Bg4 5. g3 e6 6. Bg2 Be7 7. O-O Nbd7 8. d3
O-O 9. Nbd2 h6 10. h3 Bh5 11. Qc2 Bg6 12. Nh4 Bh7 13. Qc3 a6 14. e4 Rc8 15.
Nhf3 Nh5 16. g4 Bf6 17. e5 Nf4 18. Rfe1 Be7 19. d4 f6 20. Re3 fxe5 21. Nxe5
Nxe5 22. Rxe5 Bf6 23. Re3 c5 24. Qc1 cxd4 25. Rxe6 Nxe6 26. Bxd5 Re8 27. Bxb7
Rc7 28. Bxa6 Nf4 29. Qf1 Ne2+ 30. Kg2 Qa8+ 31. f3 Qxa6 32. b4 Bd3 33. b5 Qd6
34. Qf2 Nf4+ 35. Kh1 Re2 36. Qg3 Bh4 37. Ba3 Bxg3 38. Bxd6 Rh2+ 39. Kg1 Nxh3#
0-1

[Event "Ä11Ï"]
[Site "Loo"]
[Date "2017.04.23"]
[Round "4.4"]
[White "Åôèìîâà, Äàðüÿ."]
[Black "Óçèíöåâà, Äàðüÿ."]
[Result "0-1"]
[WhiteElo "1199"]
[BlackElo "1291"]
[PlyCount "102"]
[EventDate "2017.04.20"]

1. e4 e6 2. b3 d5 3. Bb2 Nf6 4. e5 Nfd7 5. Qg4 c5 6. f4 Nc6 7. Nc3 a6 8. Nf3
Nb6 9. d3 Bd7 10. a4 Qc7 11. a5 Nc8 12. Be2 Nxa5 13. O-O Nc6 14. Nd1 N8e7 15.
Ne3 d4 16. Nc4 Nf5 17. Nfd2 Nb4 18. Rac1 b5 19. Nd6+ Bxd6 20. exd6 Qxd6 21. Ne4
Qe7 22. Rf3 Nd5 23. c3 Nde3 24. Qh3 Rc8 25. cxd4 cxd4 26. Rxc8+ Bxc8 27. g4 Nh4
28. Rf2 Qd8 29. Ba3 Kd7 30. Nc5+ Kc7 31. Qg3 f5 32. g5 Ng6 33. Bf3 a5 34. Bb7
b4 35. Bxc8 Qxc8 36. Bc1 Nd5 37. Rc2 Nc3 38. Qe1 Kd6 39. Na4 Qd7 40. Qf2 Ke7
41. Nxc3 bxc3 42. Ba3+ Kf7 43. Bc5 Rd8 44. Bb6 Rb8 45. Bxd4 Rxb3 46. Bxc3 a4
47. Ba5 Qxd3 48. Re2 Nxf4 49. Qa7+ Kg6 50. Re3 Qxe3+ 51. Qxe3 Rxe3 0-1

[Event "Ä11Ï"]
[Site "Loo"]
[Date "2017.04.23"]
[Round "4.5"]
[White "Çàâèâàåâà, Ýâåëèíà."]
[Black "Êîðîáèöûíà, Äàðüÿ."]
[Result "1-0"]
[WhiteElo "1326"]
[BlackElo "1143"]
[PlyCount "87"]
[EventDate "2017.04.20"]

1. d4 d5 2. c4 c6 3. Nf3 Nf6 4. Nc3 dxc4 5. e3 b5 6. a4 b4 7. Nb1 Ba6 8. Qc2 b3
9. Qd1 e6 10. Ne5 Bb4+ 11. Bd2 Qa5 12. Bxc4 Bxc4 13. Nxc4 Bxd2+ 14. Nbxd2 Qb4
15. Qxb3 Qxb3 16. Nxb3 O-O 17. O-O Nbd7 18. Rac1 Rfc8 19. Rc2 c5 20. Nd6 Rc6
21. dxc5 Nxc5 22. Nb7 Rac8 23. N7xc5 Ne4 24. Rfc1 Kh8 25. f3 Nd6 26. Rd2 Nb7
27. Nxb7 Rxc1+ 28. Nxc1 Rxc1+ 29. Kf2 g6 30. Nd6 Kg7 31. Nb5 Ra1 32. Nxa7 Rxa4
33. Nc6 Rc4 34. Nd4 e5 35. Ne2 Kf6 36. b3 Rb4 37. Rb2 Ke6 38. Ke1 f5 39. Kd2
Kd6 40. Kc3 Kc5 41. Nc1 e4 42. fxe4 fxe4 43. Na2 Rb8 44. b4+ 1-0

[Event "Ä11Ï"]
[Site "Loo"]
[Date "2017.04.23"]
[Round "4.6"]
[White "Ìóòèíà, Ñîôèÿ."]
[Black "Ñìèðíîâà, Àë¸íà."]
[Result "1-0"]
[WhiteElo "1255"]
[BlackElo "1187"]
[PlyCount "95"]
[EventDate "2017.04.20"]

1. c4 c5 2. Nc3 Nc6 3. g3 g6 4. Bg2 Bg7 5. e4 e5 6. Nge2 Nge7 7. O-O O-O 8. d3
d6 9. Be3 Be6 10. f4 exf4 11. Nxf4 a6 12. Rb1 Rb8 13. Ncd5 b5 14. b3 Qd7 15.
Qd2 b4 16. Qf2 Nd4 17. Ne2 Nxe2+ 18. Qxe2 Nxd5 19. cxd5 Bg4 20. Qf2 Qe7 21. h3
Bd7 22. Bf4 Bd4 23. Be3 Bxe3 24. Qxe3 f5 25. Rbe1 fxe4 26. dxe4 Rxf1+ 27. Rxf1
Rf8 28. Kh2 Rxf1 29. Bxf1 a5 30. Qd3 Qd8 31. g4 Kg7 32. Qg3 Qf6 33. Bg2 Bb5 34.
g5 Qe7 35. h4 c4 36. bxc4 Bxc4 37. Qf2 Qe5+ 38. Kh3 Qe7 39. Qd4+ Kg8 40. Qxc4
Qd7+ 41. Kh2 Qg4 42. Kg1 Qd1+ 43. Qf1 Qd4+ 44. Kh1 Qe5 45. Qc1 Qe8 46. Qc6 Qd8
47. Bh3 Qf8 48. Qc8 1-0

[Event "Ä11Ï"]
[Site "Loo"]
[Date "2017.04.23"]
[Round "4.8"]
[White "Çàãðåáèíà, Ìàðèíà."]
[Black "Êèðäÿøêèíà, Åêàòåðèíà."]
[Result "1/2-1/2"]
[WhiteElo "1214"]
[BlackElo "1198"]
[PlyCount "74"]
[EventDate "2017.04.20"]

1. d4 d5 2. c4 e6 3. Nc3 Nf6 4. Bg5 Be7 5. Nf3 h6 6. Bh4 b6 7. e3 Bb7 8. cxd5
exd5 9. Be2 O-O 10. O-O c5 11. Rc1 c4 12. b3 cxb3 13. Qxb3 a6 14. a4 Qd6 15.
Bg3 Qa3 16. Qxb6 Qb4 17. Qxb4 Bxb4 18. Rb1 a5 19. Bd6 Bxd6 20. Rxb7 Bb4 21. Na2
Bd6 22. Rfb1 Nbd7 23. Nc3 Rfb8 24. R7b5 Bb4 25. Nxd5 Nxd5 26. Rxd5 Nb6 27. Rb5
Nxa4 28. Rxb8+ Rxb8 29. Ra1 Nc3 30. Bc4 a4 31. Ne5 Rb7 32. Ba6 Rc7 33. Bc4 Kf8
34. Kf1 Kg8 35. Kg1 Kf8 36. Kf1 Kg8 37. Kg1 Kf8 1/2-1/2

[Event "Ä11Ï"]
[Site "Loo"]
[Date "2017.04.23"]
[Round "4.9"]
[White "Êàëàíäèÿ, Ýêà."]
[Black "Êîæåâíèêîâà, Àëåíà."]
[Result "1-0"]
[WhiteElo "1184"]
[BlackElo "1422"]
[PlyCount "139"]
[EventDate "2017.04.20"]

1. e4 Nf6 2. Nc3 Nc6 3. Nf3 d6 4. d4 e6 5. a3 Be7 6. Bd3 O-O 7. h3 Bd7 8. Be3
Re8 9. O-O a6 10. Qe2 h6 11. Rfe1 Na7 12. Rad1 Rc8 13. d5 c5 14. dxc6 Nxc6 15.
Na4 Rb8 16. Bb6 Qc8 17. Be3 b5 18. Nb6 Qb7 19. b4 Bd8 20. Nxd7 Qxd7 21. c3 Bc7
22. Bc2 Qe7 23. Nd4 Nxd4 24. Bxd4 e5 25. Be3 Nd7 26. Bb3 Bb6 27. Rd2 Bxe3 28.
Qxe3 Nb6 29. Red1 Red8 30. Qd3 Rbc8 31. Qf3 Nc4 32. Bxc4 bxc4 33. Rd5 Qd7 34.
Ra5 Qc6 35. Qe3 Rd7 36. f3 Rcd8 37. Qe2 Kh7 38. Kh1 d5 39. exd5 Rxd5 40. Raxd5
Rxd5 41. Rxd5 Qxd5 42. Qe4+ Qxe4 43. fxe4 Kg8 44. a4 Kf8 45. Kh2 Ke7 46. Kg3 g6
47. Kg4 Ke6 48. Kh4 f6 49. Kg3 Kd6 50. h4 Ke6 51. Kf3 Kd6 52. g4 Ke7 53. Kg3
Ke6 54. Kf3 Kf7 55. Ke3 Ke6 56. h5 g5 57. Kd2 Kd6 58. Kc2 Kc6 59. Kb2 Kb6 60.
Ka3 Kc6 61. Kb2 Kb6 62. a5+ Kb5 63. Ka3 Kc6 64. Ka4 Kb7 65. b5 axb5+ 66. Kxb5
f5 67. a6+ Kc7 68. exf5 e4 69. Kxc4 Kb6 70. f6 1-0

[Event "Ä11Ï"]
[Site "Loo"]
[Date "2017.04.23"]
[Round "4.10"]
[White "Îþí, Ñàþäè."]
[Black "Çèìîâà, Åêàòåðèíà."]
[Result "0-1"]
[WhiteElo "1183"]
[BlackElo "1376"]
[PlyCount "80"]
[EventDate "2017.04.20"]

1. d4 d5 2. Nf3 c6 3. Bf4 Bg4 4. Nbd2 Nf6 5. h3 Bh5 6. e3 e6 7. Be2 Bd6 8. Rc1
Bxf4 9. exf4 Nbd7 10. a3 O-O 11. O-O Qc7 12. Ne5 Bxe2 13. Qxe2 Nxe5 14. fxe5
Nd7 15. c3 c5 16. f4 Qb6 17. Rb1 cxd4 18. cxd4 Qxd4+ 19. Kh1 Rac8 20. Rf3 Nb6
21. Nf1 Rc6 22. Nh2 Rfc8 23. Qb5 h6 24. Rff1 Rc5 25. Qe2 Rc2 26. Qg4 Rxb2 27.
Nf3 Qc3 28. f5 Rxb1 29. Rxb1 Qc2 30. Re1 Qxf5 31. Qg3 Rc3 32. Qh4 Rxa3 33. Qd8+
Kh7 34. Qh4 Nc4 35. Rf1 Qd3 36. Qf2 Nd2 37. Rd1 Ne4 38. Qe1 Qxd1 39. Qxd1 Nf2+
40. Kg1 Nxd1 0-1

[Event "Ä11Ï"]
[Site "Loo"]
[Date "2017.04.23"]
[Round "4.11"]
[White "Åëüíèêîâà, Ìèëåíà."]
[Black "ßêèìîâà, Çëàòà."]
[Result "1-0"]
[WhiteElo "1134"]
[BlackElo "1259"]
[PlyCount "71"]
[EventDate "2017.04.20"]

1. e4 c5 2. Nc3 Nc6 3. g3 d6 4. Bg2 Nf6 5. Nge2 e6 6. O-O Be7 7. f4 O-O 8. d4
cxd4 9. Nxd4 e5 10. Nxc6 bxc6 11. f5 Bb7 12. Re1 Qc7 13. Be3 Rfd8 14. Qe2 d5
15. exd5 cxd5 16. Bf2 e4 17. Nb5 Qe5 18. Nxa7 Qxf5 19. Rad1 Qe6 20. Qb5 Qa6 21.
Qxa6 Bxa6 22. Nc6 Rd7 23. Nxe7+ Rxe7 24. Bd4 Rd8 25. Bxf6 gxf6 26. Rxe4 Red7
27. Red4 Bb7 28. c4 Kf8 29. Kf2 Ke7 30. Ke3 Kd6 31. Bxd5 Kc5 32. b4+ Kb6 33.
Bxb7 Rxd4 34. Rxd4 Rxd4 35. Kxd4 Kxb7 36. a4 1-0

[Event "Ä11Ï"]
[Site "Loo"]
[Date "2017.04.23"]
[Round "4.12"]
[White "Ãîëèêîâà, Àëèñà."]
[Black "Øàòêîâñêàÿ, Åëèçàâåòà."]
[Result "1-0"]
[WhiteElo "1233"]
[BlackElo "1183"]
[PlyCount "77"]
[EventDate "2017.04.20"]

1. e4 c5 2. Nc3 Nc6 3. g3 e6 4. Bg2 Nf6 5. f4 d5 6. exd5 exd5 7. d4 Nxd4 8. Nf3
Nxf3+ 9. Qxf3 Bg4 10. Qd3 c4 11. Qd4 Bb4 12. O-O Bxc3 13. Qxc3 O-O 14. Re1 Re8
15. Be3 Bf5 16. Bd4 Rxe1+ 17. Rxe1 Ne8 18. Re5 Be6 19. f5 f6 20. Rxe6 Nc7 21.
Re3 Nb5 22. Qd2 Qd7 23. Bc5 d4 24. Re7 Qxf5 25. Bxd4 Rd8 26. Be4 Rxd4 27. Qxd4
Nxd4 28. Bxf5 Nxf5 29. Rxb7 Nd4 30. Rxa7 Nxc2 31. Rc7 Ne3 32. a4 Nd1 33. Rxc4
Nxb2 34. Rc8+ Kf7 35. a5 Na4 36. a6 Nb6 37. Rb8 Nd5 38. a7 Nc7 39. Rb7 1-0

[Event "Ä11Ï"]
[Site "Loo"]
[Date "2017.04.23"]
[Round "4.13"]
[White "Êóëüêîâà, Äèíà."]
[Black "Øåíêåð, Àíãåëèíà."]
[Result "0-1"]
[WhiteElo "1232"]
[BlackElo "1151"]
[PlyCount "86"]
[EventDate "2017.04.20"]

1. e4 e5 2. Nf3 Nc6 3. Bc4 Nf6 4. d3 Be7 5. a3 O-O 6. Ba2 d5 7. exd5 Nxd5 8.
O-O Bg4 9. Bd2 Qd7 10. Nc3 Nxc3 11. Bxc3 Rad8 12. Re1 Qf5 13. Qe2 Bf6 14. h3
Bxf3 15. Qxf3 Qxf3 16. gxf3 Nd4 17. Kg2 Nxc2 18. Bc4 Nxe1+ 19. Rxe1 Rfe8 20.
Ba5 b6 21. Bb4 c5 22. Bc3 Rb8 23. Bb5 Re6 24. Bc4 Re7 25. Re4 b5 26. Ba2 Rd8
27. Bb1 g6 28. f4 Rde8 29. f3 Bg7 30. Kg3 exf4+ 31. Rxf4 Bxc3 32. bxc3 g5 33.
Rf5 h6 34. Rxc5 a6 35. Rf5 Re1 36. Ba2 R8e7 37. Rf6 Kg7 38. Rxa6 R7e2 39. Kg4
Rxa2 40. d4 f6 41. Ra7+ Kg6 42. f4 h5+ 43. Kg3 Re3# 0-1